|
|
|
|
| LEADER |
00000cam a22000002c 4500 |
| 001 |
1912622734 |
| 003 |
DE-627 |
| 005 |
20250113055008.0 |
| 007 |
tu |
| 008 |
241217s2019 xx ||||| 00| ||eng c |
| 035 |
|
|
|a (DE-627)1912622734
|
| 035 |
|
|
|a (DE-599)KXP1912622734
|
| 040 |
|
|
|a DE-627
|b ger
|c DE-627
|e rda
|
| 041 |
|
|
|a eng
|
| 084 |
|
|
|a 2,1
|2 ssgn
|
| 100 |
1 |
|
|a Cao, Zhongyu
|e VerfasserIn
|0 (DE-588)122461402X
|0 (DE-627)1744153299
|4 aut
|
| 109 |
|
|
|a Cao, Zhongyu
|a Zhongyu, Cao
|a Cao Zhongyu
|
| 245 |
1 |
0 |
|a Minimum Wage and National Culture
|
| 264 |
|
1 |
|a [Erscheinungsort nicht ermittelbar]
|b University of South Carolina
|c 2019
|
| 336 |
|
|
|a Text
|b txt
|2 rdacontent
|
| 337 |
|
|
|a ohne Hilfsmittel zu benutzen
|b n
|2 rdamedia
|
| 338 |
|
|
|a Band
|b nc
|2 rdacarrier
|
| 787 |
0 |
8 |
|i Forschungsdaten
|a USA. Federal Bureau of Investigation
|t Uniform Crime Reporting Program Data: National Incident-Based Reporting System, 2012
|d [Erscheinungsort nicht ermittelbar] : [Verlag nicht ermittelbar], 2014
|w (DE-627)184004716X
|
| 787 |
0 |
8 |
|i Forschungsdaten
|a USA. Federal Bureau of Investigation
|t Uniform Crime Reporting Program Data: National Incident-Based Reporting System, 2011
|d [Erscheinungsort nicht ermittelbar] : [Verlag nicht ermittelbar], 2013
|w (DE-627)1840048026
|
| 787 |
0 |
8 |
|i Forschungsdaten
|a USA. Federal Bureau of Investigation
|t Uniform Crime Reporting: National Incident-Based Reporting System, 2010
|d [Erscheinungsort nicht ermittelbar] : [Verlag nicht ermittelbar], 2012
|w (DE-627)1840049561
|
| 787 |
0 |
8 |
|i Forschungsdaten
|a USA. Bureau of Justice Statistics
|t Uniform Crime Reporting: National Incident-Based Reporting System, 2009
|d [Erscheinungsort nicht ermittelbar] : [Verlag nicht ermittelbar], 2011
|w (DE-627)1840049901
|
| 787 |
0 |
8 |
|i Forschungsdaten
|a USA. Federal Bureau of Investigation
|t National Incident-Based Reporting System, 2008
|d [Erscheinungsort nicht ermittelbar] : [Verlag nicht ermittelbar], 2010
|w (DE-627)1840053607
|
| 787 |
0 |
8 |
|i Forschungsdaten
|a USA. Federal Bureau of Investigation
|t National Incident-Based Reporting System, 2007
|d [Erscheinungsort nicht ermittelbar] : [Verlag nicht ermittelbar], 2009
|w (DE-627)1840054891
|
| 787 |
0 |
8 |
|i Forschungsdaten
|a USA. Federal Bureau of Investigation
|t National Incident-Based Reporting System, 2006
|d [Erscheinungsort nicht ermittelbar] : [Verlag nicht ermittelbar], 2008
|w (DE-627)184005610X
|
| 787 |
0 |
8 |
|i Forschungsdaten
|a USA. Federal Bureau of Investigation
|t National Incident-Based Reporting System, 2005
|d [Erscheinungsort nicht ermittelbar] : [Verlag nicht ermittelbar], 2007
|w (DE-627)184005722X
|
| 935 |
|
|
|a mkri
|
| 951 |
|
|
|a BO
|
| ELC |
|
|
|b 1
|
| LOK |
|
|
|0 000 xxxxxcx a22 zn 4500
|
| LOK |
|
|
|0 001 4637588251
|
| LOK |
|
|
|0 003 DE-627
|
| LOK |
|
|
|0 004 1912622734
|
| LOK |
|
|
|0 005 20241217044715
|
| LOK |
|
|
|0 008 241217||||||||||||||||ger|||||||
|
| LOK |
|
|
|0 035
|a (DE-2619)ICPSR141590
|
| LOK |
|
|
|0 040
|a DE-2619
|c DE-627
|d DE-2619
|
| LOK |
|
|
|0 092
|o n
|
| LOK |
|
|
|0 852
|a DE-2619
|
| LOK |
|
|
|0 852 1
|9 00
|
| LOK |
|
|
|0 935
|a nacp
|
| LOK |
|
|
|0 939
|a 17-12-24
|b l01
|
| ORI |
|
|
|a SA-MARC-krimdoka001.raw
|